Welche Film ist das? #3 Bilderrätsel - Statistiken

Allgemein
  • Dieses Quiz wurde 112 mal gespielt
    54 seit der letzten Aktualisierung
  • Das Durchschnittsergebnis liegt bei 5 aus 16
Antwortstatistiken
Bildquiz Antwort % Korrekt
Guardians of the Galaxy
70%
Harry Potter und der Gefangene von Askaban
60%
Tatsächlich Liebe
45%
Man of Steel
43%
Forrest Gump
38%
Gladiator 2
38%
The Equalizer
38%
Need for Speed
30%
Unsere Erde
23%
Freundschaft Plus
21%
Wanted
19%
Schöne Bescherung
17%
A-Team
15%
für immer adaline
9%
Nur noch 60 Sekunden
6%
violent night
6%
Keine übereinstimmenden Quizze gefunden
Verteilung der Resultate
Anzahl Personen mit jedem Resultat
Perzentil nach korrekt beantworteten Fragen
Ihre Resultats-Entwicklung
Sie haben dieses Quiz seit der letzten Aktualisierung nicht gespielt